| 000 | 00549nam a2200193Ia 4500 | ||
|---|---|---|---|
| 005 | 20230701143833.0 | ||
| 008 | 131103s9999 xx 000 0 und d | ||
| 040 | _aLoreto College | ||
| 041 | _aEnglish | ||
| 082 |
_a940.53 _bCHU |
||
| 245 |
_aChurchill _cwritten and edited by the staff of The New York Times |
||
| 260 |
_aToranto _bBandam Books _c1965 |
||
| 300 |
_a160 p. _b ill. |
||
| 630 | _aEurope - Modern History,1874 - 1965 | ||
| 650 | _aChurchill,Winston,1874 - 1965 | ||
| 651 | _aTHE NEW YORK TIMES | ||
| 850 | _aLCLIB | ||
| 942 | _cBK | ||
| 999 |
_c4107 _d54586 |
||